| 000 | 02058cam a2200529 a 4500 | ||
|---|---|---|---|
| 001 | 20475 | ||
| 003 | VRT | ||
| 005 | 20260122145019.0 | ||
| 008 | 090725s1996 xo drp 000 p slo | ||
| 015 | _aSNBA2025/11 | ||
| 020 |
_a8088834503 _q(viazané) |
||
| 039 | 9 |
_a202512030842 _bmsnk123 _c202304241423 _dmsnk03 _c202304210858 _dmsnk13 _c202112230802 _dAUTHORITY |
|
| 040 |
_aSVKBB _bslo _cSVKBB _dSNK _eAACR2 |
||
| 041 | 0 | _aslo | |
| 044 |
_axo _cSK |
||
| 072 | 7 |
_a821.162.4-1 _xSlovenská poézia _2konspekt |
|
| 072 | 7 |
_a37.016 _xUčebné osnovy. Vyučovacie predmety. Učebnice _2konspekt |
|
| 080 |
_a821.162.4-1 _22011 |
||
| 080 |
_a(0:82-13) _22001 |
||
| 080 |
_a(075) _22011 |
||
| 080 |
_a028.3-027.557 _22001 |
||
| 100 | 1 |
_aHviezdoslav, Pavol Országh, _d1849-1921 _4aut |
|
| 245 | 1 | 0 |
_aEžo Vlkolinský (1890) _cPavol Országh Hviezdoslav |
| 260 |
_aRohovce _bInterpopulart Slovakia _c[1996] |
||
| 300 |
_a125 strán _c19 cm |
||
| 490 | 1 | _aPopulart | |
| 500 | _aŠtátny pedagogický ústav odporúča, ako učebnú pomôcku pre študentov základných a stredných škôl | ||
| 650 | 0 | 7 |
_apovinné čítanie _2SNKPH |
| 650 | 0 | 7 |
_aRequired reading _2SNKPHeng |
| 655 | 7 |
_aslovenská poézia _2SNKPH |
|
| 655 | 7 |
_aepická poézia _2SNKPH |
|
| 655 | 7 |
_aučebnice _2SNKPH |
|
| 655 | 7 |
_aSlovak poetry _2SNKPHeng |
|
| 655 | 7 |
_aEpic poetry _2SNKPHeng |
|
| 655 | 7 |
_aTextbooks _2SNKPHeng |
|
| 787 | 0 | 8 |
_iZo série: _tŠtudentská knižnica _g51 |
| 787 | 0 | 8 |
_iZo série: _tSlovenská realistická poézia |
| 830 | 0 | _aPopulart | |
| 942 |
_2ddc _cKLDO _n0 |
||
| 949 |
_63912001937 _aknkjsdo/B _bknkjs2008/245177 |
||
| 949 |
_63912001938 _aknkjsdo/B _bknkjs2008/260586 |
||
| 949 |
_6270001000027748 _asvkbbA 94686 _bsvkbbm 612604 _p612.604 |
||
| 949 |
_6270001000066137 _asvkbbA 94686-b _bsvkbbm 613235 _ooprava väzby _p613.235 |
||
| 949 |
_617A1527321 _asnkSC 202142 _bsnk2023/6485 _o118/23 - em _s6100:20251210 |
||
| 949 |
_63830001112456 _akurukT18/HVIE1-42 _bkuruk2016/F5597 _oD2016/študentka SJ/október 2014 |
||
| 999 |
_c20475 _d20475 |
||